|
|
|
|
| LEADER |
01189nam a2200277 u 4500 |
| 001 |
10025597 |
| 003 |
GR-PaULI |
| 005 |
20210117210938.0 |
| 008 |
970314s1985 us eng |
| 952 |
|
|
|0 0
|1 0
|2 ddc
|4 0
|6 Π_Σ_515_000000000000000_HUR
|7 0
|9 234184
|a LISP
|b LISP
|c REF
|d 2019-07-22
|i 141307
|l 0
|o Π/Σ 515 HUR
|p 025000042617
|r 2019-07-22 00:00:00
|t 1
|v 2019.00
|w 2019-07-22
|y BKN
|
| 999 |
|
|
|c 142066
|d 142066
|
| 020 |
|
|
|a 0123624401
|
| 040 |
|
|
|a GR-PaULI
|c GR-PaULI
|b gre
|e AACR2
|
| 082 |
|
|
|2 23
|a 515
|
| 100 |
1 |
|
|9 173877
|a Hurd, A. E.
|d 1931-
|q (Albert Emerson),
|e συγγραφέας.
|
| 245 |
1 |
3 |
|a An introduction to nonstandard real analysis /
|c Albert E. Hurd, Peter A. Loeb.
|
| 260 |
|
|
|a Orlando :
|b Academic Press,
|c 1985.
|
| 300 |
|
|
|a xii, 232 σ. ;
|c 24 εκ.
|
| 490 |
1 |
|
|a Pure and applied mathematics
|v 118.
|
| 504 |
|
|
|a Περιλαμβάνει βιβλιογραφικές παραπομπές και ευρετήριο.
|
| 505 |
1 |
|
|a
|
| 650 |
|
4 |
|9 129
|a Μαθηματική ανάλυση
|
| 700 |
1 |
|
|a Loeb, Peter A.
|9 173878
|e συγγραφέας.
|
| 830 |
|
0 |
|9 165437
|a Pure and applied mathematics (Academic Press)
|v 118.
|
| 942 |
|
|
|2 ddc
|c BKN
|
| 998 |
|
|
|c ΜΠΟΥΡΑΣ
|d 2019-07
|